000 00501nam a2200193Ia 4500
005 20250317131117.0
008 008 250317s9999 xx 000 0 eng d
037 _aTextbook
040 _aFMSL
_beng
_cFMSL
041 _aeng
_2eng
084 _qFMSL
100 _aKuchhal S C
245 0 _aCorporation fice : Principles of problems
250 _aEd 16
260 _aChaitanya
_bChaitanya, Pub. House
_c1982
300 _a556p
942 _cTB
999 _c1266716
_d1266716